kpop meme - Statistiques

Statistiques générales
  • Ce quiz a été pris 338 fois
  • Le résultat moyen est 7 sur 15
Statistiques - réponses
Question Réponse % Correct
Do you know what else is big?
80%
Who was shoked by jypapi performance?
79%
BOOTY SO BIG LOOOORD
77%
young and rich, tall and handsome?
68%
Who has been the victim of a bowl cut?
54%
Who makes the worst Aegyo? (cringe)
52%
Who Ate Jayb's Chiken Wing?
50%
Who doesn't have a scooter license?
48%
who is Damien?
43%
moooooooooh
43%
Who doesn't know the difference between vegetables and fruits?
41%
who has the biggest gyatt?
41%
Who banged their head on the wall trying to make a video?
24%
Who was abandoned by his group at a gas station?
23%
Who drank San's backwash?
18%
Aucun quiz correspondant
Distribution des résultats
% des personnes avec chaque résultat
Percentile par nombre de réponses
Votre historique - résultats
Vous n’avez pas pris ce quiz